000 00303nam a22001337a 4500
008 170616b xxu||||| |||| 00| 0 eng d
020 _a9780393276367
041 _aeng
080 _25TH
_a32
100 _a20
101 _aSHP
245 _aCASES IN COMPARATIVE POLITICS
_cO'NEIL,P.H
942 _2udc
_cBK
999 _c17899
_d17899